[Event "I Festival Francophone des Echecs"]
[Site "Arvier ITA"]
[Date "2009.10.03"]
[Round "9"]
[White "Sanchez, Joseph"]
[Black "Baciu, Stefan"]
[Result "1-0"]
[WhiteElo "2463"]
[BlackElo "2177"]
[PlyCount "115"]
[EventDate "2009.09.27"]

1. e4 d6 2. d4 Nf6 3. Nc3 g6 4. Bc4 c6 5. Qf3 Nbd7 6. Bb3 Bg7 7. Be3 e5 8. Nge2
O-O 9. h3 a6 10. O-O-O Qe7 11. g4 exd4 12. Bxd4 Nc5 13. Ng3 Be6 14. Rhg1 Nxb3+
15. axb3 Nd7 16. Be3 Bf6 17. Nf5 gxf5 18. gxf5+ Kh8 19. fxe6 fxe6 20. Qg3 b5
21. f4 Rg8 22. Qf3 Rxg1 23. Rxg1 Bg7 24. Ne2 Rf8 25. Ng3 Rg8 26. Nh5 Bf8 27.
Bd4+ e5 28. Rxg8+ Kxg8 29. Qg4+ Bg7 30. Bc3 Nf6 31. Qc8+ Bf8 32. Nxf6+ Qxf6 33.
f5 Qe7 34. Ba5 d5 35. Bd8 Qf7 36. Bg5 dxe4 37. Kb1 Kg7 38. f6+ Kg8 39. Qg4 Qg6
40. Qe6+ Qf7 41. Qf5 Qd5 42. c4 Qf7 43. Qxe5 h6 44. Be3 Qg6 45. Qe6+ Kh7 46.
Ka2 a5 47. Bd4 a4 48. bxa4 h5 49. h4 Kh6 50. Be3+ Kh7 51. a5 Kh8 52. Bd4 Kh7
53. Qd7+ Kg8 54. Qc8 e3 55. Qxc6 e2 56. Qe6+ Qf7 57. Qxe2 Qa7 58. Qg2+ 1-0

[Event "I Festival Francophone des Echecs"]
[Site "Arvier ITA"]
[Date "2009.10.03"]
[Round "9"]
[White "Wirig, Anthony"]
[Black "Hautot, Stephane"]
[Result "1-0"]
[WhiteElo "2491"]
[BlackElo "2420"]
[PlyCount "123"]
[EventDate "2009.09.27"]

1. d4 Nf6 2. Nf3 e6 3. c4 b6 4. Nc3 Bb4 5. e3 Bb7 6. Bd3 O-O 7. O-O d5 8. cxd5
exd5 9. a3 Bd6 10. b4 Nbd7 11. b5 a6 12. Qc2 c6 13. bxc6 Bxc6 14. a4 Qe7 15.
Qb3 Rfc8 16. Ba3 Bxa3 17. Rxa3 Ne4 18. Bxe4 dxe4 19. Nd2 Rab8 20. Raa1 Nf6 21.
Rfb1 h6 22. h3 b5 23. axb5 Bxb5 24. Nxb5 Rxb5 25. Qa2 Qb7 26. Rxb5 Qxb5 27. Nb3
Rc3 28. Nc1 a5 29. Rb1 Qc4 30. Qxc4 Rxc4 31. Ra1 Rb4 32. g4 Rb5 33. Ra3 g6 34.
Kg2 Kf8 35. Kg3 Ke7 36. Kg2 Kf8 37. Nb3 h5 38. gxh5 Nxh5 39. Nxa5 Rg5+ 40. Kh1
Rf5 41. Ra2 Ke7 42. Nc6+ Kf6 43. Ne5 Kg7 44. Kg2 Rg5+ 45. Kf1 Rf5 46. Ra7 Ng3+
47. Ke1 Nh5 48. Ke2 Kg8 49. Nc4 Rf3 50. Nd2 Rxh3 51. Nxe4 f5 52. Ng5 Rh2 53. d5
Nf6 54. d6 Rg2 55. Ra8+ Kg7 56. Ne6+ Kf7 57. Nf4 Rg1 58. Ra7+ Ke8 59. Re7+ Kd8
60. Ne6+ Kc8 61. Rc7+ Kb8 62. Rf7 1-0

[Event "XX Coppa Autunno"]
[Site "Ivrea ITA"]
[Date "2009.10.08"]
[Round "1"]
[White "Papalini, Claudio"]
[Black "Ranieri, Fabrizio"]
[Result "0-1"]
[WhiteElo "1598"]
[BlackElo "2264"]
[PlyCount "78"]
[EventDate "2009.10.08"]

1. d4 e6 2. Nf3 d5 3. e3 Nf6 4. Bd3 Bd6 5. Nbd2 c5 6. c3 Nc6 7. O-O O-O 8. Re1
e5 9. Nxe5 Nxe5 10. dxe5 Bxe5 11. Nf3 Bc7 12. b3 Bg4 13. Be2 Qd6 14. g3 Ne4 15.
Bb2 Rad8 16. Kg2 Qf6 17. Rc1 Qf5 18. Rf1 Bh3+ 19. Kg1 Bxf1 20. Qxf1 Rd6 21. Nh4
Qe5 22. Rc2 Rh6 23. Nf3 Qf5 24. Qg2 Nxg3 25. fxg3 Qxc2 26. Bf1 Qxg2+ 27. Kxg2
a5 28. c4 Rd8 29. Bc1 dxc4 30. bxc4 Rd1 31. Bb2 Rb1 32. Bc3 Rc1 33. Be5 Bxe5
34. Nxe5 Rxf1 35. Kxf1 Rxh2 36. Nd7 Rxa2 37. Nxc5 Rb2 38. Na4 Rb4 39. Nc5 a4
0-1

[Event "XX Coppa Autunno"]
[Site "Ivrea ITA"]
[Date "2009.11.12"]
[Round "6"]
[White "Bogatto, Mario"]
[Black "Avetta, Roberto"]
[Result "1/2-1/2"]
[WhiteElo "1455"]
[BlackElo "1730"]
[PlyCount "66"]
[EventDate "2009.10.08"]

1. d4 d6 2. Nf3 Nf6 3. c4 g6 4. Nc3 Bg7 5. Bf4 c6 6. Qd2 O-O 7. Bh6 Nbd7 8.
Bxg7 Kxg7 9. e3 e5 10. e4 Re8 11. Bd3 b6 12. O-O Ba6 13. b3 Qc7 14. a3 Rac8 15.
b4 d5 16. Qa2 exd4 17. Nxd4 dxe4 18. Be2 Qe5 19. Qd2 Re7 20. Nc2 Qe6 21. Ne3
Ne5 22. b5 Rd7 23. Qa2 cxb5 24. Nxb5 Rcd8 25. Rfd1 Nd3 26. Qc2 Nf4 27. Rxd7
Nxe2+ 28. Qxe2 Rxd7 29. Nc3 Rd4 30. Ncd5 Nxd5 31. Nxd5 Rxd5 32. Qb2+ f6 33.
cxd5 Qxd5 1/2-1/2

[Event "I Torneo Serale"]
[Site "Arcevia ITA"]
[Date "2009.10.02"]
[Round "1"]
[White "Vincioni, Alberto"]
[Black "Bianchella, Marcello"]
[Result "1/2-1/2"]
[WhiteElo "1419"]
[BlackElo "1440"]
[PlyCount "89"]
[EventDate "2009.10.02"]

1. e4 c5 2. Nf3 d6 3. d4 cxd4 4. Nxd4 e5 5. Nb5 a6 6. N5c3 Nf6 7. Bg5 Be7 8.
Be2 h6 9. Be3 Nc6 10. O-O b5 11. Nd5 Rb8 12. Nd2 Nxd5 13. exd5 Nd4 14. Bd3 Nf5
15. Bxf5 Bxf5 16. b3 O-O 17. c4 Bg5 18. f4 Bf6 19. fxe5 Bxe5 20. Rxf5 Bxa1 21.
Qxa1 Qd7 22. Rf3 f6 23. Rg3 g5 24. Ne4 Qe7 25. Bd4 Qxe4 26. Bxf6 bxc4 27. Rf3
Rf7 28. Rh3 Rh7 29. Rg3 Rbb7 30. Bxg5 hxg5 31. Rxg5+ Rbg7 32. Rxg7+ Rxg7 33. g3
Qxd5 34. Qf6 cxb3 35. Qd8+ Kh7 36. Qh4+ Kg6 37. Qg4+ Qg5 38. Qe4+ Qf5 39. Qe6+
Qf6 40. Qxb3 Rf7 41. Qc2+ Kg7 42. Qe2 Qd4+ 43. Kg2 Qd5+ 44. Kg1 Qc5+ 45. Kg2
1/2-1/2

[Event "I Torneo Serale"]
[Site "Arcevia ITA"]
[Date "2009.10.16"]
[Round "2"]
[White "Bianchella, Marcello"]
[Black "Villafan, Jose'"]
[Result "1-0"]
[WhiteElo "1440"]
[BlackElo "1476"]
[PlyCount "149"]
[EventDate "2009.10.02"]

1. e4 e5 2. Nf3 Nc6 3. Bc4 Bc5 4. c3 Nf6 5. d4 Bd6 6. Bd3 Ng8 7. b4 f6 8. Bd2
Qe7 9. O-O b6 10. a3 Bb7 11. d5 Nd8 12. c4 c5 13. Qb3 Nf7 14. bxc5 Bxc5 15. Bb4
a5 16. Bxc5 Qxc5 17. Nc3 Ra6 18. Na4 Qc7 19. c5 bxc5 20. Bxa6 Bxa6 21. Rfc1 d6
22. Rab1 Ne7 23. Qb8+ Qc8 24. Qxc8+ Bxc8 25. Nb6 O-O 26. Nxc8 Rxc8 27. Nd2 f5
28. f3 Ng5 29. Rb7 Kf8 30. Rcb1 fxe4 31. fxe4 c4 32. Rc1 c3 33. Nf3 Nxe4 34.
Rb5 c2 35. Kf1 Nc3 36. Rb2 Nexd5 37. Ke1 Ne3 38. Nh4 d5 39. Kd2 Na4 40. Rb5
Nc4+ 41. Kxc2 Nxa3+ 42. Kd2 Rxc1 43. Rb8+ Kf7 44. Kxc1 Nc4 45. g3 Nab6 46. Kc2
d4 47. Kd3 a4 48. Rb7+ Kf6 49. Nf3 e4+ 50. Ke2 d3+ 51. Kf2 e3+ 52. Ke1 d2+ 53.
Nxd2 exd2+ 54. Kd1 Nd5 55. Rd7 Ke6 56. Rd8 a3 57. Ra8 Nc3+ 58. Kc2 Ne3+ 59.
Kxd2 a2 60. Kxc3 Nd5+ 61. Kb3 g5 62. Ra6+ Ke5 63. Rxa2 Ne3 64. Re2 Ke4 65. Kc3
Kf3 66. Kd3 Nf1 67. Re7 h5 68. Rf7+ Kg2 69. Rh7 Nxh2 70. Rxh5 Nf3 71. g4 Kg3
72. Ke2 Kxg4 73. Rh8 Kf4 74. Rf8+ Kg3 75. Rxf3+ 1-0

[Event "I Torneo Serale"]
[Site "Arcevia ITA"]
[Date "2009.10.16"]
[Round "2"]
[White "Kremer, Gerardus"]
[Black "Vincioni, Alberto"]
[Result "0-1"]
[WhiteElo "1362"]
[BlackElo "1419"]
[PlyCount "58"]
[EventDate "2009.10.02"]

1. e4 c5 2. b3 Nf6 3. Nc3 d5 4. d3 d4 5. Nce2 Nc6 6. c3 e5 7. Bb2 Be7 8. Nf3
O-O 9. Qd2 Be6 10. Ng3 Qa5 11. Nf5 Bxf5 12. exf5 e4 13. Ng5 e3 14. fxe3 dxe3
15. Qxe3 Nd4 16. Qd2 Nxf5 17. a3 Rad8 18. b4 Qc7 19. d4 Rfe8 20. Bc4 Nd5 21.
Qd3 Bxg5+ 22. Kd1 Nfe3+ 23. Kd2 Nxc4+ 24. Kc2 Nce3+ 25. Kb3 c4+ 26. Ka2 cxd3
27. Bc1 Nxc3+ 28. Kb2 Na4+ 29. Kb3 Qc2# 0-1

[Event "I Torneo Serale"]
[Site "Arcevia ITA"]
[Date "2009.10.30"]
[Round "3"]
[White "Bianchella, Marcello"]
[Black "Lenci, Leonardo"]
[Result "0-1"]
[WhiteElo "1440"]
[BlackElo "1455"]
[PlyCount "100"]
[EventDate "2009.10.02"]

1. e4 g6 2. Nf3 h6 3. d4 Bg7 4. Be3 a6 5. Nbd2 Nc6 6. c3 d5 7. Be2 dxe4 8. Nxe4
Bf5 9. Ng3 Bg4 10. h3 Bxf3 11. Bxf3 Qd7 12. O-O Nf6 13. Re1 O-O 14. Qc1 Kh7 15.
Qc2 Rab8 16. Rad1 Nd8 17. d5 Qd6 18. c4 b6 19. Nh5 Nxh5 20. Bxh5 f5 21. Bf3 Nf7
22. Qc1 Ne5 23. Be2 Nd7 24. f4 Nc5 25. Bd4 Bxd4+ 26. Rxd4 Ne4 27. Bf3 Qc5 28.
Red1 Nf6 29. a3 a5 30. Kh1 Rbd8 31. R4d3 Rd6 32. Re3 Re8 33. Rde1 Rd7 34. Re6
Ng8 35. g4 Qf2 36. Bg2 fxg4 37. R1e2 Qh4 38. Qc3 gxh3 39. Be4 Nf6 40. Qf3 Rd6
41. Qd3 Nxe4 42. Qxe4 Rxe6 43. Qxe6 Qxf4 44. b3 Qf3+ 45. Kh2 Kg7 46. Qe5+ Kf8
47. Qh8+ Kf7 48. Qe5 g5 49. Qe6+ Kf8 50. Qxh6+ Kf7 0-1

[Event "I Torneo Serale"]
[Site "Arcevia ITA"]
[Date "2009.11.27"]
[Round "5"]
[White "Vincioni, Alberto"]
[Black "Lenci, Leonardo"]
[Result "0-1"]
[WhiteElo "1419"]
[BlackElo "1455"]
[PlyCount "68"]
[EventDate "2009.10.02"]

1. e4 e6 2. d4 Nf6 3. Nc3 c6 4. f4 Bb4 5. Bd2 Bxc3 6. Bxc3 Nxe4 7. Qd3 d5 8.
Nf3 Qf6 9. Qe3 Nxc3 10. bxc3 Nd7 11. c4 O-O 12. cxd5 cxd5 13. c4 Re8 14. Ne5
dxc4 15. Bxc4 a6 16. a4 Nb6 17. Bd3 Nd5 18. Qe4 Nxf4 19. O-O g5 20. g3 Qg7 21.
gxf4 f5 22. Qg2 g4 23. Rfe1 Rb8 24. Rab1 b6 25. Nc6 Bb7 26. Rxb6 Bxc6 27. Qb2
Rxb6 28. Qxb6 Bd5 29. Bxf5 Qf6 30. Re5 Qf7 31. Qb1 exf5 32. Rxe8+ Qxe8 33. Kf2
Be4 34. Qb3+ Qf7 0-1

[Event "I Torneo Serale"]
[Site "Arcevia ITA"]
[Date "2009.12.04"]
[Round "6"]
[White "Lenci, Leonardo"]
[Black "Kremer, Gerardus"]
[Result "1-0"]
[WhiteElo "1455"]
[BlackElo "1362"]
[PlyCount "81"]
[EventDate "2009.10.02"]

1. e4 g6 2. Bc4 Bg7 3. Nf3 Nf6 4. d3 b6 5. Ng5 O-O 6. Nc3 e6 7. Qf3 Bb7 8. Qh3
c5 9. Bf4 Nc6 10. Bd6 Re8 11. Nb5 Rb8 12. Bxb8 Qxb8 13. Qg3 h6 14. Qxb8 Rxb8
15. Nf3 Ng4 16. c3 Nce5 17. Nxe5 Bxe5 18. h3 Nf6 19. Nxa7 d5 20. exd5 exd5 21.
Bb3 Re8 22. O-O Ba6 23. Rad1 Bb7 24. f4 Bd6 25. f5 Nh5 26. fxg6 fxg6 27. Nb5
Bg3 28. Rf3 Kh8 29. Rdf1 d4 30. Rf8+ Rxf8 31. Rxf8+ Kg7 32. Rf7+ Kh8 33. Rxb7
Nf6 34. Rxb6 Be5 35. cxd4 cxd4 36. a4 Nd7 37. Rxg6 Nc5 38. Bc2 Kh7 39. Rc6 Nb7
40. Rb6 Nd8 41. a5 1-0

[Event "XLI Corsicoscacchi A"]
[Site "Corsico ITA"]
[Date "2009.10.02"]
[Round "1"]
[White "Bemporad, Filippo"]
[Black "Cehic, Goran"]
[Result "1-0"]
[WhiteElo "2123"]
[BlackElo "2301"]
[PlyCount "94"]
[EventDate "2009.10.02"]

1. d4 Nf6 2. Nf3 g6 3. c4 Bg7 4. Nc3 d5 5. cxd5 Nxd5 6. Qb3 Nb6 7. Bf4 O-O 8.
e4 Bg4 9. Ne5 Bxe5 10. dxe5 Nc6 11. Be2 Be6 12. Qd1 Kg7 13. Qc1 Re8 14. O-O Nd4
15. Rd1 c5 16. Bb5 Nd7 17. Bh6+ Kg8 18. f4 Bg4 19. Re1 a6 20. Bd3 f6 21. Bc4+
Be6 22. Bxe6+ Nxe6 23. Qd1 Nd4 24. Qg4 e6 25. Rad1 fxe5 26. f5 exf5 27. exf5
Nxf5 28. Bg5 Qc8 29. Ne4 h5 30. Qe2 Kg7 31. h3 Qc6 32. Rf1 Qe6 33. b3 b5 34.
Qd2 Nd4 35. Rf2 Qd5 36. Rdf1 Qxe4 37. Rf7+ Kg8 38. Rxd7 Rf8 39. Bf6 Ne2+ 40.
Kh2 Nf4 41. Rg7+ Kh8 42. Rf7+ Kg8 43. Rg7+ Kh8 44. Rh7+ Kxh7 45. Qd7+ Kg8 46.
Qd2 Kh7 47. Qd7+ Kh6 1-0

[Event "XLI Corsicoscacchi A"]
[Site "Corsico ITA"]
[Date "2009.10.02"]
[Round "1"]
[White "Castrogiovanni, Carlo"]
[Black "Cazzaniga, Walter"]
[Result "0-1"]
[WhiteElo "2018"]
[BlackElo "2137"]
[PlyCount "53"]
[EventDate "2009.10.02"]

1. d4 d5 2. Bg5 f6 3. Bf4 c5 4. c3 Nc6 5. Nf3 Bg4 6. Nbd2 e6 7. Qb3 Qd7 8. e3
Nge7 9. Bg3 Nf5 10. Qc2 h5 11. Nh4 Nxh4 12. Bxh4 Bf5 13. Qd1 g5 14. g4 Bxg4 15.
f3 Bf5 16. Bf2 cxd4 17. exd4 O-O-O 18. Qa4 Bd6 19. c4 dxc4 20. Bxc4 Bb4 21.
O-O-O Qc7 22. Qb3 Bxd2+ 23. Kxd2 Nxd4 24. Bxd4 Rxd4+ 25. Ke2 Rdd8 26. Qa4 Rd4
27. Qb3 0-1

[Event "XLI Corsicoscacchi A"]
[Site "Corsico ITA"]
[Date "2009.10.02"]
[Round "1"]
[White "Martinez, Rolly"]
[Black "Astengo, Corrado"]
[Result "1-0"]
[WhiteElo "2420"]
[BlackElo "2127"]
[PlyCount "67"]
[EventDate "2009.10.02"]

1. e4 c5 2. Nf3 d6 3. d4 cxd4 4. Qxd4 Bd7 5. c4 Nc6 6. Qd2 Nf6 7. Nc3 g6 8. b3
Bg7 9. Bb2 Qa5 10. Nd5 Qxd2+ 11. Nxd2 O-O 12. Nxf6+ exf6 13. O-O-O f5 14. Bxg7
Kxg7 15. Bd3 Ne5 16. Be2 Rfe8 17. Rhe1 Rac8 18. Kb2 Bc6 19. f3 fxe4 20. Nxe4
Bxe4 21. fxe4 Nc6 22. Bf3 Rcd8 23. Rd2 f5 24. Rdd1 Ne5 25. exf5 Nd3+ 26. Rxd3
Rxe1 27. fxg6 hxg6 28. Bxb7 Re2+ 29. Ka3 Rb8 30. Bf3 Re6 31. b4 Kf6 32. b5 Ke7
33. Kb4 Re5 34. Ra3 1-0

[Event "XLI Corsicoscacchi A"]
[Site "Corsico ITA"]
[Date "2009.10.02"]
[Round "1"]
[White "Natalucci, Fabrizio"]
[Black "Bozzali, Ermanno"]
[Result "0-1"]
[WhiteElo "2184"]
[BlackElo "2090"]
[PlyCount "66"]
[EventDate "2009.10.02"]

1. d4 e6 2. Nf3 f5 3. e3 Nf6 4. Bd3 b6 5. Nbd2 Bb7 6. O-O Be7 7. Qe2 Ne4 8. Ne5
O-O 9. f3 Nxd2 10. Bxd2 d6 11. Nc4 Nc6 12. c3 e5 13. d5 Nb8 14. e4 f4 15. b4
Bh4 16. Be1 Nd7 17. g3 Bg5 18. a4 Rf7 19. Kg2 Nf8 20. Nb2 a5 21. Nc4 Bc8 22.
Ra2 h5 23. Rh1 Ng6 24. Nd2 Qd7 25. Bb5 Qe7 26. Bc6 Rb8 27. Rb2 h4 28. bxa5 fxg3
29. hxg3 hxg3 30. Bxg3 Bh4 31. Nf1 Bxg3 32. Kxg3 Qg5+ 33. Kf2 Nf4 0-1

[Event "XLI Corsicoscacchi A"]
[Site "Corsico ITA"]
[Date "2009.10.02"]
[Round "1"]
[White "Quaranta, Cristiano"]
[Black "Mastrorilli, Nicola"]
[Result "1-0"]
[WhiteElo "2127"]
[BlackElo "1988"]
[PlyCount "81"]
[EventDate "2009.10.02"]

1. d4 Nf6 2. Nf3 e6 3. Bg5 d5 4. e3 Nbd7 5. Bd3 c5 6. Nbd2 Be7 7. c3 b6 8. O-O
Bb7 9. Qc2 h6 10. Bh4 O-O 11. Rac1 Re8 12. Rfe1 Rc8 13. h3 Qc7 14. Qb1 Bd6 15.
b4 c4 16. Bf1 g5 17. Bg3 Bxg3 18. fxg3 Qxg3 19. Be2 Qd6 20. Rf1 b5 21. Ne5 Rf8
22. h4 Kg7 23. hxg5 hxg5 24. Ndf3 Ne4 25. Nxg5 Nxe5 26. Nxe4 dxe4 27. dxe5 Qxe5
28. Rf4 f5 29. Kf2 Rf6 30. Rh1 Rg8 31. Qd1 Qd5 32. Rfh4 Kf8 33. Qg1 f4 34. Qh2
e5 35. Rd1 fxe3+ 36. Kxe3 Qe6 37. Rd8+ Ke7 38. Rxg8 Qxg8 39. Qxe5+ Re6 40. Qc7+
Kf6 41. Rf4+ 1-0

[Event "XLI Corsicoscacchi A"]
[Site "Corsico ITA"]
[Date "2009.10.02"]
[Round "1"]
[White "Sbarra, Marco"]
[Black "Tramalloni, Luca"]
[Result "1-0"]
[WhiteElo "2245"]
[BlackElo "2116"]
[PlyCount "137"]
[EventDate "2009.10.02"]

1. f4 c5 2. b3 Nf6 3. Bb2 b6 4. Nf3 Bb7 5. e3 e6 6. Bd3 d6 7. Nc3 Nc6 8. O-O
Be7 9. Ne4 a6 10. Nfg5 h6 11. Nxf6+ Bxf6 12. Bxf6 Qxf6 13. Ne4 Qe7 14. f5 exf5
15. Nc3 Ne5 16. Bxf5 O-O 17. Be4 Bxe4 18. Nxe4 f5 19. Nc3 Qe6 20. Qh5 Ra7 21.
Rae1 Raf7 22. Ne2 Ng6 23. Qf3 Ne5 24. Qh5 Qg6 25. Qxg6 Nxg6 26. Nf4 Nxf4 27.
exf4 Rd7 28. Re6 Kf7 29. Rfe1 b5 30. Kf2 Ra8 31. R1e3 a5 32. Ke2 a4 33. Kd3
axb3 34. axb3 Rc8 35. Kc3 Rcc7 36. g3 Rc8 37. h4 Rcc7 38. h5 b4+ 39. Kd3 d5 40.
R6e5 Kf6 41. Re8 Re7 42. R3xe7 Rxe7 43. Rc8 c4+ 44. bxc4 dxc4+ 45. Rxc4 Rb7 46.
Rc6+ Kf7 47. Kc4 Rb8 48. Kb3 Rd8 49. d3 Rb8 50. Rc7+ Kf6 51. Rc4 Re8 52. Kxb4
Re2 53. Kc3 Rh2 54. Rc6+ Kf7 55. Kd4 Rxh5 56. Ke5 Rh3 57. Kxf5 Rxg3 58. Rc7+
Kf8 59. d4 h5 60. d5 h4 61. d6 Ke8 62. Ke6 Re3+ 63. Kd5 Rg3 64. c4 h3 65. Kc6
Kd8 66. Ra7 Ke8 67. Ra1 h2 68. d7+ Ke7 69. Re1+ 1-0

[Event "XLI Corsicoscacchi A"]
[Site "Corsico ITA"]
[Date "2009.10.02"]
[Round "1"]
[White "Stefanetti, Marco"]
[Black "Bonazzi, Edoardo"]
[Result "1/2-1/2"]
[WhiteElo "2092"]
[BlackElo "2191"]
[PlyCount "53"]
[EventDate "2009.10.02"]

1. e4 c6 2. d4 d5 3. e5 c5 4. dxc5 e6 5. Qg4 h5 6. Qf4 Bxc5 7. Nf3 Nc6 8. Bb5
Nge7 9. Nbd2 Ng6 10. Qg3 h4 11. Bxc6+ bxc6 12. Qg4 Ba6 13. Nb3 Be7 14. Be3 Qb8
15. O-O-O Be2 16. Rde1 Bxf3 17. gxf3 Qxe5 18. Qa4 Qc7 19. Rhg1 O-O 20. Nd4 Kh7
21. Nxe6 fxe6 22. Qg4 Rf6 23. Qh5+ Kg8 24. Rxg6 Rxg6 25. Qxg6 Bf6 26. Qg4 Qe5
27. c3 1/2-1/2

[Event "XLI Corsicoscacchi A"]
[Site "Corsico ITA"]
[Date "2009.10.03"]
[Round "2"]
[White "Astengo, Corrado"]
[Black "Castrogiovanni, Carlo"]
[Result "1-0"]
[WhiteElo "2127"]
[BlackElo "2018"]
[PlyCount "51"]
[EventDate "2009.10.02"]

1. e4 c5 2. Nf3 a6 3. Nc3 e6 4. d4 cxd4 5. Nxd4 Qc7 6. Bd3 Nc6 7. Be3 Nf6 8.
O-O Be7 9. Kh1 Ne5 10. h3 d6 11. Qe2 Bd7 12. f4 Nxd3 13. cxd3 Rc8 14. Rac1 Qb8
15. f5 e5 16. Nc2 Bc6 17. Bg5 Nxe4 18. Nxe4 Bxe4 19. Bxe7 Bxd3 20. Qxd3 Kxe7
21. f6+ gxf6 22. Qf5 Rhf8 23. Qxf6+ Ke8 24. Ne3 Rxc1 25. Rxc1 Qd8 26. Qf5 1-0

[Event "XLI Corsicoscacchi A"]
[Site "Corsico ITA"]
[Date "2009.10.03"]
[Round "2"]
[White "Bemporad, Filippo"]
[Black "Quaranta, Cristiano"]
[Result "0-1"]
[WhiteElo "2123"]
[BlackElo "2127"]
[PlyCount "113"]
[EventDate "2009.10.02"]

1. d4 d5 2. Nf3 Nf6 3. c4 c6 4. e3 e6 5. Nc3 Nbd7 6. Bd3 a6 7. b3 Bd6 8. Bb2
O-O 9. O-O e5 10. cxd5 exd4 11. Nxd4 cxd5 12. Be2 Ne5 13. Nf3 Be6 14. Qd4 Qc7
15. Rac1 Nxf3+ 16. gxf3 Bxh2+ 17. Kh1 Be5 18. Qh4 Qd8 19. Bd3 g6 20. Kg2 Nh5
21. Qxd8 Rfxd8 22. Be2 Bg7 23. f4 Nf6 24. Na4 Nd7 25. Bxg7 Kxg7 26. Bf3 Rac8
27. Rfd1 Rxc1 28. Rxc1 b5 29. Nc5 Nxc5 30. Rxc5 Rd6 31. Kg3 h5 32. Rc2 Kf6 33.
Rd2 Ke7 34. b4 f6 35. Kh4 Bf7 36. a3 Kd7 37. Bg2 g5+ 38. fxg5 fxg5+ 39. Kg3 Be6
40. f3 Ke7 41. Bh3 Rc6 42. Bxe6 Kxe6 43. f4 gxf4+ 44. Kxf4 Rc4+ 45. Kf3 Rc3 46.
Rh2 d4 47. Rxh5 Rxe3+ 48. Kf4 Rxa3 49. Ke4 d3 50. Rh6+ Ke7 51. Kd5 d2 52. Kd4
Rb3 53. Rh1 Rd3+ 54. Kc5 Rc3+ 55. Kd4 Rb3 56. Rd1 Rxb4+ 57. Kc5 0-1

[Event "XLI Corsicoscacchi A"]
[Site "Corsico ITA"]
[Date "2009.10.03"]
[Round "2"]
[White "Bozzali, Ermanno"]
[Black "Martinez, Rolly"]
[Result "1/2-1/2"]
[WhiteElo "2090"]
[BlackElo "2420"]
[PlyCount "91"]
[EventDate "2009.10.02"]

1. d4 Nf6 2. Nf3 e6 3. c4 b6 4. a3 Bb7 5. Nc3 d5 6. cxd5 Nxd5 7. Qc2 Be7 8. e4
Nxc3 9. bxc3 c5 10. Bd3 Nc6 11. Bb2 Rc8 12. Qe2 O-O 13. O-O Na5 14. Rad1 Qc7
15. Rfe1 Rfd8 16. d5 c4 17. Bc2 e5 18. Qe3 h6 19. Kh1 Bc5 20. Qe2 Qe7 21. Ra1
Rc7 22. h3 Bc8 23. Nh2 Qh4 24. Rf1 Rd6 25. Rae1 Rf6 26. Nf3 Qh5 27. Nh2 Qg6 28.
f4 Rxf4 29. Rxf4 exf4 30. Bc1 Qg3 31. Rf1 Qxc3 32. Bxf4 Re7 33. e5 Qd4 34. Ng4
Qxd5 35. Nf6+ gxf6 36. Qh5 Rxe5 37. Bxe5 Qxe5 38. Qxh6 Qg5 39. Qh7+ Kf8 40.
Qh8+ Qg8 41. Qxf6 Be7 42. Qe5 Bb7 43. Qb8+ Kg7 44. Qe5+ Kf8 45. Qb8+ Kg7 46.
Qe5+ 1/2-1/2

[Event "XLI Corsicoscacchi A"]
[Site "Corsico ITA"]
[Date "2009.10.03"]
[Round "2"]
[White "Cazzaniga, Walter"]
[Black "Sbarra, Marco"]
[Result "1/2-1/2"]
[WhiteElo "2137"]
[BlackElo "2245"]
[PlyCount "28"]
[EventDate "2009.10.02"]

1. d4 Nf6 2. c4 e6 3. Nf3 d5 4. Nc3 Bb4 5. Bg5 c5 6. cxd5 exd5 7. e3 Nbd7 8.
Be2 Qa5 9. O-O Bxc3 10. bxc3 c4 11. Bxf6 Nxf6 12. Qc2 O-O 13. Ne5 Ne4 14. Bxc4
Qxc3 1/2-1/2

[Event "XLI Corsicoscacchi A"]
[Site "Corsico ITA"]
[Date "2009.10.03"]
[Round "2"]
[White "Cehic, Goran"]
[Black "Berni, Fabrizio"]
[Result "1/2-1/2"]
[WhiteElo "2301"]
[BlackElo "2145"]
[PlyCount "31"]
[EventDate "2009.10.02"]

1. e4 c5 2. Nf3 e6 3. c3 d5 4. e5 d4 5. cxd4 cxd4 6. Qa4+ Nc6 7. Bb5 Bd7 8. O-O
Bc5 9. d3 a6 10. Bxc6 Bxc6 11. Qd1 Ne7 12. Nbd2 Ng6 13. Nb3 Bb6 14. Re1 O-O 15.
Bd2 a5 16. Rc1 1/2-1/2

[Event "XLI Corsicoscacchi A"]
[Site "Corsico ITA"]
[Date "2009.10.03"]
[Round "2"]
[White "Cereda, Loris"]
[Black "Stefanetti, Marco"]
[Result "0-1"]
[WhiteElo "2044"]
[BlackElo "2092"]
[PlyCount "94"]
[EventDate "2009.10.02"]

1. e4 c6 2. d4 d5 3. exd5 cxd5 4. Bd3 Nc6 5. c3 Nf6 6. Bf4 Bg4 7. Qb3 Qc8 8.
Nd2 e6 9. Ngf3 Be7 10. O-O Bh5 11. Ne5 Nxe5 12. Bxe5 O-O 13. Rae1 Bg6 14. Bxg6
hxg6 15. Qd1 b5 16. Re3 b4 17. h4 bxc3 18. bxc3 Qa6 19. a4 Nd7 20. h5 Nxe5 21.
dxe5 g5 22. Rg3 Rac8 23. f4 Qb6+ 24. Kh2 Qb2 25. fxg5 Rxc3 26. Rxc3 Qxc3 27.
Nf3 Bxg5 28. Nd4 Qe3 29. Re1 Qf4+ 30. Kg1 Rc8 31. Nf3 Rc1 32. Qxc1 Qxc1 33.
Rxc1 Bxc1 34. Kf1 Kh7 35. g4 g6 36. hxg6+ Kxg6 37. Ke2 Bb2 38. Kd3 f6 39. exf6
Bxf6 40. a5 e5 41. Ke3 a6 42. Ne1 Kg5 43. Kf3 e4+ 44. Kg3 Be5+ 45. Kh3 Bc3 46.
Nc2 Kf4 47. Kh4 d4 0-1

[Event "XLI Corsicoscacchi A"]
[Site "Corsico ITA"]
[Date "2009.10.03"]
[Round "2"]
[White "Mastrorilli, Nicola"]
[Black "Natalucci, Fabrizio"]
[Result "1/2-1/2"]
[WhiteElo "1988"]
[BlackElo "2184"]
[PlyCount "106"]
[EventDate "2009.10.02"]

1. d4 d5 2. c4 e6 3. Nf3 f5 4. b3 c6 5. g3 Nf6 6. Bg2 Bd6 7. O-O Qe7 8. e3 Nbd7
9. Bb2 Ne4 10. Nc3 O-O 11. Ne2 Qf6 12. Nf4 Qh6 13. Nd3 Ndf6 14. Nfe5 Bd7 15.
Qe1 Be8 16. Bc1 Ng4 17. h3 Nxe5 18. dxe5 Be7 19. f3 Nc5 20. Nxc5 Bxc5 21. b4
Bb6 22. c5 Bc7 23. e4 Qg6 24. exf5 Qxf5 25. f4 Bg6 26. Be3 a5 27. a3 Ra6 28.
Qc3 Rfa8 29. g4 Qd3 30. Qxd3 Bxd3 31. Rfd1 Bc4 32. Bd2 axb4 33. Bxb4 Ba5 34.
Rab1 Bxb4 35. Rxb4 R8a7 36. Ra1 Ra5 37. Rab1 Bb5 38. f5 exf5 39. gxf5 Rxa3 40.
Rxb5 cxb5 41. Bxd5+ Kf8 42. Rxb5 Rxh3 43. Bxb7 Rc3 44. Bd5 Ke7 45. c6 Rc7 46.
Rb7 Rxb7 47. cxb7 Rc1+ 48. Kf2 Rb1 49. Be4 Rb2+ 50. Kg3 h6 51. Kf4 Kd8 52. e6
Ke7 53. f6+ Ke8 1/2-1/2

[Event "XLI Corsicoscacchi A"]
[Site "Corsico ITA"]
[Date "2009.10.03"]
[Round "2"]
[White "Tramalloni, Luca"]
[Black "Magrini, Fabrizio"]
[Result "1/2-1/2"]
[WhiteElo "2116"]
[BlackElo "2150"]
[PlyCount "35"]
[EventDate "2009.10.02"]

1. d4 d5 2. Nf3 Nf6 3. c4 e6 4. g3 c6 5. Nbd2 Nbd7 6. Bg2 Be7 7. O-O O-O 8. Qc2
Re8 9. Rd1 Qc7 10. e4 dxe4 11. Nxe4 e5 12. dxe5 Nxe5 13. Bf4 Nxf3+ 14. Bxf3 Qa5
15. Nd6 Bxd6 16. Bxd6 Bf5 17. Qc1 Be4 18. Qf4 1/2-1/2

[Event "XLI Corsicoscacchi A"]
[Site "Corsico ITA"]
[Date "2009.10.03"]
[Round "3"]
[White "Berni, Fabrizio"]
[Black "Bemporad, Filippo"]
[Result "0-1"]
[WhiteElo "2145"]
[BlackElo "2123"]
[PlyCount "76"]
[EventDate "2009.10.02"]

1. e4 c5 2. Nf3 d6 3. Bb5+ Nd7 4. O-O Ngf6 5. Re1 e6 6. c3 Be7 7. d4 cxd4 8.
cxd4 O-O 9. Nc3 Nb6 10. Bd3 Bd7 11. Bg5 Bc6 12. Qe2 Re8 13. Rad1 a6 14. Bb1 Na4
15. e5 Nxc3 16. bxc3 Nd7 17. Qd3 Nf8 18. Bxe7 Qxe7 19. exd6 Qxd6 20. Ne5 Rac8
21. Re3 Rc7 22. Rh3 f6 23. Nc4 Qd5 24. Ne3 Qg5 25. Rg3 Qh5 26. Ng4 Ng6 27. f3
f5 28. Nf2 Bd5 29. Nh3 Rec8 30. Rg5 Qh4 31. Qd2 Rxc3 32. Rg3 b5 33. Nf2 Qf4 34.
Qe2 Rc1 35. Kh1 Rxd1+ 36. Nxd1 Rc1 37. Bc2 Bc4 38. Qf2 Ra1 0-1